Z jakiego państwa jest ten piłkarz? (poziom średni) - Statystyki

Ogólne statystyki
  • Ten quiz został rozwiązany 226 razy
  • Średni wynik to 13 z 15
Statystyki odpowiedzi
Hint Odpowiedź % Poprawnych
Gabriel Jesus Brazylia
97%
Sergej Milinković - Savić Serbia
94%
João Cancelo Portugalia
93%
Benjamin Pavard Francja
91%
Ferland Mendy Francja
89%
Emil Forsberg Szwecja
87%
Jesse Lingard Anglia
86%
Marko Arnautović Austria
85%
Šime Vrsaljko Chorwacja
85%
Marouane Fellaini Belgia
82%
Javier Hernandez (Chicharito) Meksyk
82%
Artem Dzyuba Rosja
79%
Manuel Akanji Szwajcaria
76%
Nicolás Tagliafico Argentyna
75%
Angeliño Hiszpania
75%
Nie znaleziono quizów pasujących do podanych kryteriów
Rozkład punktacji
Procent ludzi z każdym wynikiem
Percentyl według liczby udzielonych odpowiedzi
Twoja historia wyników
Nie rozwiązałeś tego quizu